000 01026nam a2200253 4500
003 CO-ViMGA
020 _a9789585944558
040 _aCO-ViMGA
_bspa
_cCO-ViMGA
090 _aC GRI1
100 1 _aGrimm, Jacob,
_d1785-1863
_97980
245 1 0 _aHansel y Gretel /
_cJacob y Wilhelm Grimm ; ilustraciones de Beatriz Martín Vidal ; traducción de María Antonia Seijo Castroviejo
260 _aBogotá :
_bDistribuidora Comercial Didáctica
300 _a46 páginas :
_bilustraciones en color ; 23 cm
490 _aPlan Nacional de Lectura y Escritura Leer es mi Cuento / Ministerio de Cultura
500 _aDe 4 A 6 Años
650 1 4 _a Bosque En La Literatura /
_97983
650 1 4 _a Literatura Infantil Alemana - Siglo Xviii
_97982
650 1 4 _aCuentos Infantiles Alemanes - Siglo Xviii
_97981
650 1 4 _aNiños En La Literatura
_97898
700 1 _a Seijo Castroviejo, María Antonia,
_etr.
_97986
700 1 _aGrimm, Wilhelm, 1786-1859
_97984
700 1 _aMartin Vidal, Beatriz,
_eil.
_97985
942 _2ddc
_cBK
999 _c7748
_d7748